quizz gardiens des cités perdues (lire jusqu'au 8) - Statistiques

Statistiques générales
  • Ce quiz a été pris 1 705 fois
  • Le résultat moyen est 10 sur 15
Statistiques - réponses
Question Réponse % Correct
a quel endroit Sophie Foster rencontre Fitz our la premiere fois? Au musée en sortie de classe.
97%
Comment se nomme le chat de Sophie lorsqu'elle vivait chez les humains? Marty
96%
Comment mr.Forkle fait il pour avoir autant d'identité? Il a un jumeau.
95%
Qui Sophie a-t-elle embrasser pour la premiere fois? Dex
88%
Que sophie trouve-t-elle d'important dans les affaires de Jolie? Un miroir humain.
84%
De quelle couleur sont les plumes de verdie? Vert fluorescent
80%
De quoi est décorée Foxfire lors de la cérémonie d'ouverture? De champignons
79%
A quoi pense Bronte lorsque Sophie lis dans ses pensée lors de leur premiere rencontre? Il pense qu'il est le seul a faire preuve de bon sens et il en a assez de regarder Kenric dévorer Oralie des yeux.
72%
Quelle est la premiere identitté que révèle mr.Forkle a Sophie? Sir Astin
71%
Comment Sophie retrouve-t-elle Keefe le matin de leur soirée pyjama a Alluveterre? Contre la vitre avec un filet de bave.
59%
Lorsque Sophie rentre dans l'esprit de Keefe pour revivre sa découverte de sa mère, combien de souvenir refont surface? 2
50%
Comment Jolie appelait-elle Edaline Mere
38%
Cobien de gnomes ont contractés la maladies lorsque Sophie rend visite a Prentice? 237
28%
Comment Keefe gagne le combat contre l'orgre a Ravagog? En lui éraflant l'oreille.
28%
Comment se nomme les différentes team de Sophie? Fosterkeefe, Sophitz
20%
Aucun quiz correspondant
Distribution des résultats
% des personnes avec chaque résultat
Percentile par nombre de réponses
Votre historique - résultats
Vous n’avez pas pris ce quiz